10. festival internazionale di cinema gaylesbico : uno sguardo diverso ; *Giornate di cinema gaylesbico : 10. edizione.

Gespeichert in:
Bibliographische Detailangaben
Körperschaften: Festival internazionale di cinema gaylesbico Milano (Verfasst von), Giornate di cinema gaylesbico (Verfasst von)
Format: Tagungsbericht Buch
Sprache:Italienisch
Veröffentlicht: [S.l. : s.n.], 1996
Tags: Tag hinzufügen
Keine Tags, Fügen Sie das erste Tag hinzu!

MARC

LEADER 00000nam a22000007i 4500
001 IT\ICCU\UBO\3657265
003 ItRI
005 20260115232215.0
008 090626s1996 it |||||| ||||| |||||c
040 |b ita  |c importazione bologna sebina 
041 7 |a ita  |2 ISO-639-2 
111 2 |a Festival internazionale di cinema gaylesbico  |n  (10. :  |c Milano :  |d 1996)  |0 IT\ICCU\UBOV\345036  |4 aut 
245 0 0 |a 10. festival internazionale di cinema gaylesbico :  |b uno sguardo diverso ; *Giornate di cinema gaylesbico : 10. edizione. 
260 |a [S.l. :  |b s.n.],  |c 1996 
300 |a 1 v. :  |b ill. ;  |c 15x15 cm. 
711 2 |a Giornate di cinema gaylesbico  |n  (10. :  |c Bologna :  |d 1995)  |0 IT\ICCU\UBOV\345037  |4 aut 
942 |2 ddc  |c BK  |n 0 
952 |0 0  |1 0  |4 0  |6 DOC_791_436000000000000_FES  |7 0  |9 21983  |a BO  |b BO  |d 2026-01-15  |i 4925  |l 0  |o DOC 791.436 FES  |p BO4925  |r 2026-01-15 23:22:15  |w 2026-01-15  |x [Sebina 5] [1 v. (2. copia)]  |y BK  |z 1 v. (2. copia) 
952 |0 0  |1 0  |4 0  |6 DOC_791_436000000000000_FES  |7 0  |9 21984  |a BO  |b BO  |d 2026-01-15  |i 4924  |l 0  |o DOC 791.436 FES  |p BO4924  |r 2026-01-15 23:22:15  |w 2026-01-15  |x [Sebina 7] [1 v.]  |y BK  |z 1 v. 
999 |c 18798  |d 18798